Pays en R - Statistiques

Statistiques générales
  • Ce quiz a été pris 103 fois
  • Le résultat moyen est 6 sur 8
Statistiques - réponses
Hint Réponse % Correct
Il se trouve en Europe Roumanie
94%
Il se trouve en Afrique Rwanda
94%
Il se trouve en Asie Russie
83%
Il se trouve en Afrique République démocratique du Congo
78%
Il se trouve en Europe République Tchèque
67%
Il se trouve en Amérique du nord République Dominicaine
58%
Il se trouve en Europe Royaume Uni
57%
Il se trouve en Afrique République centrafricaine
49%
Aucun quiz correspondant
Distribution des résultats
% des personnes avec chaque résultat
Percentile par nombre de réponses
Votre historique - résultats
Vous n’avez pas pris ce quiz